Văn hóa dân gian Tây Sơn Về phong trào khởi nghĩa nông dân
Sưu tập những thơ ca dân gian, truyện, giai thoại... về thiên nhiên, con người, phong trào khởi nghĩa của nông dân Tây Sơn (tỉnh Bình Định) thuộc triều đại Tây Sơn do anh hùng dân tộc Nguyễn Huệ lãnh đạo
Saved in:
| Main Author: | |
|---|---|
| Format: | Book |
| Language: | Vietnamese |
| Published: |
H.
Thời đại
2014
|
| Subjects: | |
| Tags: |
Add Tag
No Tags, Be the first to tag this record!
|
| Institutions: | Mạng thư viện Đại học Đà Nẵng |
|---|
| LEADER | 01676nam a22004458a 4500 | ||
|---|---|---|---|
| 001 | 000020717 | ||
| 003 | 17164 | ||
| 005 | 20150331150344.0 | ||
| 008 | 150325s2014 b 000 0 vieod | ||
| 020 | |d 1500b | ||
| 041 | 0 | |a vie | |
| 080 | |a KV | ||
| 082 | 1 | 4 | |a 398.20959754 |b NG-N |
| 084 | |a V3(1)-6 |b V115H | ||
| 100 | 1 | |a Nguyễn Xuân Nhân | |
| 245 | 1 | 0 | |a Văn hóa dân gian Tây Sơn |b Về phong trào khởi nghĩa nông dân |c Nguyễn Xuân Nhân |
| 260 | |a H. |b Thời đại |c 2014 | ||
| 300 | |a 275 tr. |c 21 cm. | ||
| 500 | |a ĐTTS ghi: Hội văn nghệ dân gian Việt Nam | ||
| 504 | |a Thư mục tr,273-275 | ||
| 520 | |a Sưu tập những thơ ca dân gian, truyện, giai thoại... về thiên nhiên, con người, phong trào khởi nghĩa của nông dân Tây Sơn (tỉnh Bình Định) thuộc triều đại Tây Sơn do anh hùng dân tộc Nguyễn Huệ lãnh đạo | ||
| 650 | 0 | 4 | |a Văn học dân gian |z Tây Sơn (Bình Định) |
| 653 | |a Thơ | ||
| 653 | |a Bình Định | ||
| 653 | |a Tây Sơn | ||
| 653 | |a Việt Nam | ||
| 653 | |a Triều đại Tây Sơn | ||
| 653 | |a Truyện dân gian | ||
| 653 | |a Giai thoại | ||
| 653 | |a Văn học dân gian | ||
| OWN | |a LSP | ||
| AVA | |a UDN50 |b LSP |d 398.20959754 NG-N |e available |t Error 5001 Not defined in file expand_doc_bib_avail. |f 1 |g 0 |h N |i 0 |k 1 | ||
| 999 | |a From the UDN01 | ||
| AVA | |a UDN50 |b LSP |d 398.20959754 NG-N |e available |t Error 5001 Not defined in file expand_doc_bib_avail. |f 1 |g 0 |h N |i 0 |k 1 | ||
| TYP | |a Monograph | ||
| TYP | |a Printed language | ||
| 980 | |a Mạng thư viện Đại học Đà Nẵng | ||